000 01293nam0a2200349 i 4500
001 RU\NLR\BIBL_A\010981796
005 20241105190618.0
010 _a9785922205856
_9300
021 _aRU
_b2016-5294
_9331
035 _a(NILC)RuMoRGB-008127195
035 _a(NLR Aleph) 010981796
090 _a10876961
_c10876961
100 _a20160216d2012 u y0rusy50 ca
101 0 _arus
102 _aRU
105 _a |||z|||000 b
200 1 _aИльгиз Гарифович Ямашев (врач, педагог, ученый)
_fА. И. Шарапова
210 _aКазань
_cОтечество
_d2012
215 _a119 с.
_cпортр.
_d21
320 _aБиблиогр.: с. 64-108 (325 назв.)
320 _aАлф. указ. соавт. публикаций: с. 109-111
600 1 _aЯмашев
_bИ.Г.
_f1937
_gИльгиз Гарифович
_jБиблиография
_92278144
_3RU\NLR\AUTH\6601593505
675 _a61
686 1 _aР.г(2)7д Ямашев
700 1 _aШарапова
_bА. И.
_gАсия Ильгизовна
702 1 _aЯмашев
_bИ. Г.
_gИльгиз Гарифович
_4570
801 0 _aRU
_bРГБ
_c20160127
_gRCR
942 _cBOOK
980 _aNBR